000
00312nam a2200133Ia 4500
005
20251222155053.0
008
251222s9999||||xx |||||||||||||| ||spa||
082
_a
ESC. 64
100
_a
OPS / OMS.
245
0
_a
Curso Sobre Habilidades de Supervision
250
_a
2da. ed.
264
_b
OPS/OMS
942
_c
LIB
999
_c
37378
_d
37378